000 00523nam a2200133Ia 4500
008 100328s9999 xx 000 0 und d
082 _b42928
100 _aसरदार गंगाधर बाळकृष्ण-संपा.
245 _aमहाराष्ट्र-जीवन (खंड.2)
260 _bजोशी आणि लोखंडे
630 _aमहाराष्ट्र-जीवन (खंड.2)
730 _aमहाराष्ट्र-जीवन (खंड.2)
942 _cBOOK
999 _c531321
_d531318